| 000 | 01029cam a22002775a 4500 | ||
|---|---|---|---|
| 001 | 16963435 | ||
| 005 | 20150528114124.0 | ||
| 008 | 110915t2012 flua frb 001 0 eng d | ||
| 020 | _a9781439862025 | ||
| 040 |
_aDLC _beng _cDLC _dYDX _dBTCTA _dYDXCP _dUKMGB _dCDX _dIXA _dDLC _dEG-ScBUE |
||
| 082 | 0 | 4 |
_a697.93 _bSTA _222 |
| 100 | 1 |
_aStanford, Herbert W. _938104 |
|
| 245 | 1 | 0 |
_aHVAC water chillers and cooling towers : _bfundamentals, application, and operation / _cHerbert W. Stanford III. |
| 250 | _a2nd ed. | ||
| 260 |
_aBoca Raton : _bCRC Press / Taylor & Francis Group, _cc.2012. |
||
| 300 |
_axvii, 389 p. : _bill. ; _c24 cm. |
||
| 490 | 0 | _aMechanical engineering | |
| 500 | _aIndex : p. 375-389. | ||
| 504 | _aBibliography : p. 371-374. | ||
| 650 | 0 |
_aAir conditioning _xEquipment and supplies _xDesign and construction. _2BUEsh _936220 |
|
| 650 | 0 |
_aAir conditioning _xEquipment and supplies _xTesting. _2BUEsh |
|
| 651 | _2BUEsh | ||
| 653 |
_bENGCIV _cMay2015 |
||
| 655 |
_vreading book _934232 |
||
| 942 |
_2ddc _k697.93 STA |
||
| 999 |
_c19452 _d19424 |
||